000 01596nim a2200385 i 4500
001 197205
003 ES-MaACL
005 20250828062557.0
007 ss lsnjlcipnne
008 290425s1990 sp nnnn |||| 00| spa d
040 _bspa
_cES-MaACL
100 1 _aGamallo Fierros, Dionisio,
_953740
_d1914-2000
_eaut
245 _aRubén Darío en el Ateneo de Madrid
_h[Grabación sonora] :
_bconferencia /
_cpor el prof. D. Dionisio Gamallo Fierros
260 _aMadrid :
_bAteneo de Madrid,
_c1990.
300 _a2 casete (ca. 180 min) :
_bson. ;
_c11 cm
490 1 _3Actos culturales en el Ateneo de Madrid
511 _aPresentado por Lauro Olmo.
518 _aGrabado el 12 de marzo de 1990 en el Salón de Actos del Ateneo de Madrid.
520 _aConferencia sobre el poeta y escritor Rubén Darío y su presencia en el Ateneo de Madrid
540 _aDocumento inédito
594 _5Datos basados en la invitación.
600 1 4 _942720
_aDarío, Rubén,
_d1867-1916
610 2 0 _aAteneo de Madrid-
_xActos culturales-
_y1990-
_vGrabaciones sonoras
_9240083
653 _aArchivo de la palabra
655 0 _aConferencias
_9234444
700 1 _aOlmo, Lauro,
_epres
_986974
_d1922-1994
710 2 _aAteneo de Madrid.
_bCátedra Valle-Inclán
_ehis
_9137505
710 0 _aMonte de Piedad y Caja de Ahorros de Madrid
_espn
_95765
830 0 _aActos culturales en el Ateneo de Madrid
_9240237
852 _aES-MaACL
_cDEPOZ
_9205285
_pCinta 1
852 _aES-MaACL
_cDEPOZ
_9205286
_pCinta 2
942 _2udc
_n0
_cCINTASAUD
999 _c197205
_d197205